|
|
|
|
| LEADER |
00000cam a2200000 c 4500 |
| 001 |
1420312901 |
| 003 |
DE-627 |
| 005 |
20240503210552.0 |
| 007 |
tu |
| 008 |
110914s1487 xx ||||| 00| ||lat c |
| 035 |
|
|
|a (DE-627)1420312901
|
| 035 |
|
|
|a (DE-576)350312907
|
| 035 |
|
|
|a (DE-599)BSZ350312907
|
| 035 |
|
|
|a (OCoLC)756306193
|
| 035 |
|
|
|a (OCoLC)756306193
|
| 040 |
|
|
|a DE-627
|b ger
|c DE-627
|e rda
|
| 041 |
|
|
|a lat
|
| 084 |
|
|
|a 1
|2 ssgn
|
| 130 |
0 |
|
|a Missale (Ordo Cisterciensis)
|0 (DE-588)1161815503
|0 (DE-627)1025266854
|0 (DE-576)506898385
|
| 245 |
1 |
0 |
|a Missale Cisterciense
|
| 264 |
|
1 |
|a [Straßburg]
|b [Johann Grüninger]
|c 4.IX.1487
|
| 300 |
|
|
|a 214 ungezählte Blätter
|c 2°
|
| 336 |
|
|
|a Text
|b txt
|2 rdacontent
|
| 337 |
|
|
|a ohne Hilfsmittel zu benutzen
|b n
|2 rdamedia
|
| 338 |
|
|
|a Band
|b nc
|2 rdacarrier
|
| 500 |
|
|
|a Ansetzung nach dem GW
|
| 500 |
|
|
|a Teilweise in Schwarz- und Rotdruck
|
| 500 |
|
|
|a Mit dem Mandat von Jean de Cirey, Abt von Citeaux, 3.X.1486
|
| 500 |
|
|
|a Mit Vorrede herausgegeben von Nicolaus Salicetus, Abt von Baumgarten
|
| 500 |
|
|
|a Kolophon: Opus hoch quāprecla[rum] dominice natiuitatis anno. millesimo quadringētesimo octogesimoseptimo. pridie vero nonas septembris exaratum. - Druck von Johann Grüninger in Straßburg
|
| 510 |
3 |
|
|a GW M24139
|
| 510 |
3 |
|
|a ISTC im00635000
|
| 510 |
3 |
|
|a BSB-Ink M-424
|
| 510 |
3 |
|
|a Bod-inc M-245
|
| 510 |
3 |
|
|a Hain-Copinger 11279
|
| 510 |
3 |
|
|a Sack, V. Inkunabeln Freiburg 2465
|
| 583 |
1 |
|
|a Archivierung/Langzeitarchivierung gewährleistet
|c 2023
|f SLG
|x XA-DE-BW
|z Provenienz
|2 pdager
|5 DE-25
|
| 583 |
1 |
|
|a Archivierung/Langzeitarchivierung gewährleistet
|f SSG
|x XA-DE-BW
|2 pdager
|5 DE-21
|
| 601 |
|
|
|a Missale
|
| 655 |
|
7 |
|a Inkunabel
|0 (DE-588)4027041-5
|0 (DE-627)106286269
|0 (DE-576)208968954
|2 gnd-content
|
| 700 |
0 |
|
|e HerausgeberIn
|0 (DE-588)100954952
|0 (DE-627)076682145
|0 (DE-576)186683960
|4 edt
|a Nicolaus
|c de Saliceto
|d -1493
|
| 700 |
1 |
|
|e DruckerIn
|0 (DE-588)118698451
|0 (DE-627)079480489
|0 (DE-576)167249800
|4 prt
|a Grüninger, Johannes
|d 1455-1531
|
| 751 |
|
|
|a Straßburg
|0 (DE-588)4057878-1
|0 (DE-627)106149253
|0 (DE-576)209123990
|4 pup
|
| 856 |
4 |
2 |
|u http://www.inka.uni-tuebingen.de/cgi-bin/inkunabel?naw=GW&snachweis=M24139
|x Verlag
|3 Weiterführende Informationen; INKA
|7 1
|
| 935 |
|
|
|a INKA
|a mteo
|
| 935 |
|
|
|e GW M24139
|
| 935 |
|
|
|e ISTC im00635000
|f b
|
| 935 |
|
|
|e BSB-Ink M-424
|f b
|
| 935 |
|
|
|e Bod-inc M-245
|f b
|
| 935 |
|
|
|e Hain-Copinger 11279
|
| 935 |
|
|
|e Sack, V. Inkunabeln Freiburg 2465
|f b
|
| 951 |
|
|
|a BO
|
| ELC |
|
|
|b 1
|
| ITA |
|
|
|a 1
|t 1
|
| LOK |
|
|
|0 000 xxxxxcx a22 zn 4500
|
| LOK |
|
|
|0 001 2689822474
|
| LOK |
|
|
|0 003 DE-627
|
| LOK |
|
|
|0 004 1420312901
|
| LOK |
|
|
|0 005 20130413112317
|
| LOK |
|
|
|0 008 081023||||||||||||||||ger|||||||
|
| LOK |
|
|
|0 035
|a (DE-21)TUB 1487
|
| LOK |
|
|
|0 040
|a DE-21
|c DE-627
|d DE-21
|
| LOK |
|
|
|0 852
|a DE-21
|
| LOK |
|
|
|0 852 1
|c Gi 160.2
|9 00
|
| LOK |
|
|
|0 8564
|u http://www.inka.uni-tuebingen.de/cgi-bin/inkunabel?naw=GW&snachweis=M24139&sbibliothek=tub
|
| LOK |
|
|
|0 935
|a inka
|a theo
|
| LOK |
|
|
|0 939
|a 23-10-08
|b l01
|
| ORI |
|
|
|a SA-MARC-ixtheoa001.raw
|